Handwriting Analysis of Offline Data for Gender Predication / (Only Hard Copy Available) (Record no. 540926)
[ view plain ]
| 000 -LEADER | |
|---|---|
| fixed length control field | 00491nam a22001577a 4500 |
| 003 - CONTROL NUMBER IDENTIFIER | |
| control field | NUST |
| 038 ## - RECORD CONTENT LICENSOR | |
| Staff Name | saima |
| 082 ## - DEWEY DECIMAL CLASSIFICATION NUMBER | |
| Classification number | 005 |
| Author Mark | MCS |
| 100 ## - MAIN ENTRY--PERSONAL NAME | |
| Personal name | Rasul, Asma Ghulam |
| 9 (RLIN) | 35224 |
| 245 ## - TITLE STATEMENT | |
| Title | Handwriting Analysis of Offline Data for Gender Predication / (Only Hard Copy Available) |
| 260 ## - PUBLICATION, DISTRIBUTION, ETC. | |
| Place of publication, distribution, etc. | Islamabad : |
| Name of publisher, distributor, etc. | MCS - NUST, |
| Date of publication, distribution, etc. | 2016 |
| 300 ## - PHYSICAL DESCRIPTION | |
| Extent | 59 p. ; |
| Dimensions | 30cm. |
| 650 ## - SUBJECT ADDED ENTRY--TOPICAL TERM | |
| Topical term or geographic name entry element | Computer Sciences-Handwriting Analysis of Offline Data |
| 9 (RLIN) | 35225 |
| 700 ## - ADDED ENTRY--PERSONAL NAME | |
| Personal name | Dr. Hammad Afzal |
| 9 (RLIN) | 35034 |
| 942 ## - ADDED ENTRY ELEMENTS (KOHA) | |
| Source of classification or shelving scheme | |
| Koha item type | Thesis |
| Withdrawn status | Lost status | Source of classification or shelving scheme | Damaged status | Not for loan | Permanent Location | Current Location | Date acquired | Total Checkouts | Full call number | Barcode | Date last seen | Price effective from | Koha item type |
|---|---|---|---|---|---|---|---|---|---|---|---|---|---|
| Central Library (CL) | Central Library (CL) | 11/12/2020 | 005 MCS | CL-T-1174 | 11/12/2020 | 11/12/2020 | Thesis |
